| 000 | 00712cam a2200229 a 4500 | ||
|---|---|---|---|
| 001 | 2143103 | ||
| 005 | 20240628051510.0 | ||
| 008 | 980806s1999 nyu b 001 0 eng | ||
| 020 | _a0415192560 (hbk.) | ||
| 020 | _a0415192579 (pbk.) | ||
| 040 |
_aDLC _cDLC _dDLC |
||
| 082 | 0 | 0 |
_a121 _221 |
| 100 | 1 | _aHunter, Lynette. | |
| 245 | 1 | 0 |
_aCritiques of knowing : _bsituated textualities in science, computing, and the arts / _cLynette Hunter. |
| 260 |
_aLondon ; _aNew York : _bRoutledge, _c1999. |
||
| 300 | _avii, 246 p. ; | ||
| 650 | 0 | _aKnowledge, Theory of. | |
| 650 | 0 | _aScience | |
| 650 | 0 | _aArtificial intelligence. | |
| 856 | 4 | 2 | _uhttp://www.loc.gov/catdir/enhancements/fy0649/98030839-d.html |
| 942 | _cL | ||
| 999 |
_c5907 _d5907 |
||